000 00319 a2200157 4500
001 179919
020 _a
040 _cMagnum
100 _aGóes, Lúcia Pimentel
240 1 0 _aA pipa pepita
_lpor
245 1 0 _aA pipa pepita
362 0 _a1899
440 1 _aScipione
697 _aMAGNITO: I/GERAL
942 _cBK
999 _c179919
_d179919